|
|
|
|
| LEADER |
00000cam a2200000 7i4500 |
| 001 |
0000130026 |
| 005 |
20190122.0 |
| 008 |
190122t20172017my o g a001 0 bm |
| 020 |
|
|
|a 9789831009321
|
| 040 |
|
|
|a PERPUSTAM
|b eng
|c PERPUSTAM
|e rda
|
| 090 |
0 |
0 |
|a 346.064
|b NOR
|
| 100 |
0 |
|
|a Norizah Mohamed @ Haji Daud ,
|e author
|
| 245 |
1 |
0 |
|a WAKAF KESIHATAN DI MALAYSIA
|c Norizah Mohamed @ Haji Daud, Asmak Ab Rahman
|
| 264 |
|
1 |
|a KUALA LUMPUR :
|b Penerbit Universiti Malaya
|c 2017
|
| 264 |
|
4 |
|c ©2017
|
| 300 |
|
|
|a xi, 107 pages :
|b photographs ;
|c 24 cm.
|
| 336 |
|
|
|a text, rdacontent
|
| 337 |
|
|
|a unmediated
|2 rdamedia
|
| 338 |
|
|
|a volume
|2 rdacarrier
|
| 500 |
|
|
|a Contains verses from the Qur'an and qoutes from the Hadith
|
| 500 |
|
|
|a Includes index
|
| 650 |
1 |
0 |
|a Waqf
|z Malaysia
|
| 650 |
2 |
0 |
|a Charitable uses, trusts, and foundations
|
| 650 |
2 |
0 |
|a Government publications
|z Malaysia
|
| 650 |
2 |
0 |
|a Hospitals, Proprietary
|z Malaysia
|
| 650 |
2 |
0 |
|a Medical care
|x Religious aspects
|x Islam
|
| 700 |
0 |
|
|a Asmak Ab. Rahman ,
|c Dr. ,
|e author
|
| 999 |
|
|
|a 0000567758
|b Buku
|c Rak Terbuka
|e Perbadanan Perpustakaan Awam Melaka
|
| 999 |
|
|
|a 0000567759
|b Buku
|c Rak Terbuka
|e Perpustakaan Cawangan Jasin
|
| 999 |
|
|
|a 0000567760
|b Buku
|c Rak Terbuka
|e Perpustakaan Cawangan Merlimau
|
| 999 |
|
|
|a 0000567761
|b Buku
|c Rak Terbuka
|e Perpustakaan Cawangan Masjid Tanah
|
| 999 |
|
|
|a 0000567762
|b Buku
|c Rak Terbuka
|e Perpustkaan Desa Lubuk China
|
| 999 |
|
|
|a 0000567763
|b Buku
|c Rak Terbuka
|e Perpustakaan Desa Asahan
|
| 999 |
|
|
|a 0000567764
|b Buku
|c Rak Terbuka
|e Perbadanan Perpustakaan Awam Melaka
|
| 999 |
|
|
|a 0000567765
|b Buku
|c Rak Terbuka
|e Perbadanan Perpustakaan Awam Melaka
|
| 999 |
|
|
|a 0000567766
|b Buku
|c Rak Terbuka
|e Perpustakaan Komuniti UTC Melaka
|